[Event "Lipetsk King's Gambit-B"]
[Site "Lipetsk"]
[Date "2010.07.01"]
[Round "9"]
[White "Morev, Ivan"]
[Black "Odnorozhenko, Evgenyi"]
[Result "0-1"]
[WhiteElo "2286"]
[BlackElo "2309"]
[PlyCount "84"]
[EventDate "2010.06.23"]
[EventType "tourn"]
[EventRounds "9"]
[EventCountry "RUS"]
[EventCategory "3"]
[SourceTitle "CBM 137 Extra"]
[Source "ChessBase"]
[SourceDate "2010.09.01"]
[SourceVersion "1"]
[SourceVersionDate "2010.09.01"]
[SourceQuality "1"]

1. e4 c5 2. Nf3 Nc6 3. d4 cxd4 4. Nxd4 g6 5. c4 Nf6 6. Nc3 d6 7. Be2 Nxd4 8. Qxd4 Bg7 9. Be3 0-0 10. Qd2 a5 11. 0-0 a4 12. f3 Qa5 13. Rac1 Be6 14. Nd5 Qxd2 15. Nxe7+ Kh8 16. Bxd2 Rfe8 17. Nd5 Nxd5 18. cxd5 Bxd5 19. Bb5 Re5 20. Bc3 Bxa2 21. Bxe5 Bxe5 22. Rc2 Ra5 23. Be2 Bb3 24. Rc8+ Kg7 25. Rb1 Ba2 26. Ra1 Be6 27. Rc2 Bb3 28. Rd2 Bf4 29. Rd3 Bc4 30. b4 Ra8 31. Rda3 Bxe2 32. Rxa4 Rxa4 33. Rxa4 b5 34. Ra1 Be3+ 35. Kh1 Bc4 36. Rb1 Kf6 37. g3 Ke5 38. Rd1 f5 39. f4+ Kxe4 40. Rxd6 Kf3 41. Rd1 Ke2 42. Rd7 Kf2 0-1

[Event "Lipetsk King's Gambit-B"]
[Site "Lipetsk"]
[Date "2010.06.26"]
[Round "4"]
[White "Morev, Ivan"]
[Black "Venevtsev, Andrey"]
[Result "1/2-1/2"]
[WhiteElo "2286"]
[BlackElo "2310"]
[PlyCount "33"]
[EventDate "2010.06.23"]
[EventType "tourn"]
[EventRounds "9"]
[EventCountry "RUS"]
[EventCategory "3"]
[SourceTitle "CBM 137 Extra"]
[Source "ChessBase"]
[SourceDate "2010.09.01"]
[SourceVersion "1"]
[SourceVersionDate "2010.09.01"]
[SourceQuality "1"]

1. e4 e6 2. d4 d5 3. Nd2 Nf6 4. e5 Nfd7 5. Bd3 c5 6. c3 Nc6 7. Ne2 cxd4 8. cxd4 f6 9. exf6 Nxf6 10. 0-0 Bd6 11. Nf3 0-0 12. Bg5 Qc7 13. Bh4 Nh5 14. Bg3 Nxg3 15. hxg3 Bd7 16. a3 a6 17. b4 1/2-1/2

[Event "Lipetsk King's Gambit-B"]
[Site "Lipetsk"]
[Date "2010.06.25"]
[Round "3"]
[White "Vakhlamov, Igor L"]
[Black "Morev, Ivan"]
[Result "1-0"]
[WhiteElo "2280"]
[BlackElo "2286"]
[PlyCount "45"]
[EventDate "2010.06.23"]
[EventType "tourn"]
[EventRounds "9"]
[EventCountry "RUS"]
[EventCategory "3"]
[SourceTitle "CBM 137 Extra"]
[Source "ChessBase"]
[SourceDate "2010.09.01"]
[SourceVersion "1"]
[SourceVersionDate "2010.09.01"]
[SourceQuality "1"]

1. e4 d6 2. d4 c6 3. Nf3 g6 4. a4 Bg7 5. Nc3 b6 6. Be2 Nf6 7. 0-0 0-0 8. h3 Bb7 9. Be3 e6 10. a5 c5 11. d5 e5 12. Nd2 Ne8 13. axb6 axb6 14. Rxa8 Bxa8 15. Qa1 Nd7 16. Qa7 f5 17. f3 fxe4 18. fxe4 Rxf1+ 19. Bxf1 h6 20. Bb5 Nef6 21. Bc6 Bxc6 22. dxc6 Nf8 23. c7 1-0

[Event "Lipetsk Region-ch"]
[Site "Lipetsk"]
[Date "2010.03.25"]
[Round "4"]
[White "Morev, Ivan"]
[Black "Venevtsev, Andrey"]
[Result "1/2-1/2"]
[WhiteElo "2286"]
[BlackElo "2301"]
[PlyCount "40"]
[EventDate "2010.03.22"]
[EventType "swiss"]
[EventRounds "9"]
[EventCountry "RUS"]
[SourceTitle "EXT 2011"]
[Source "ChessBase"]
[SourceDate "2010.11.26"]
[SourceVersion "1"]
[SourceVersionDate "2010.11.26"]
[SourceQuality "1"]

1. e4 e6 2. d4 d5 3. e5 c5 4. c3 Nc6 5. Nf3 Bd7 6. Be2 f6 7. exf6 Nxf6 8. 0-0 Bd6 9. dxc5 Bxc5 10. b4 Bd6 11. b5 Na5 12. Ba3 Bxa3 13. Nxa3 0-0 14. Ne5 Rc8 15. Qd4 Qe7 16. Qb4 Qd8 17. Rac1 b6 18. Bd3 Qc7 19. Rfe1 Be8 20. Qb1 Qc5 1/2-1/2

[Event "Lipetsk"]
[Site "Lipetsk"]
[Date "2010.01.22"]
[Round "8"]
[White "Venevtsev, Andrey"]
[Black "Morev, Ivan"]
[Result "1/2-1/2"]
[WhiteElo "2287"]
[BlackElo "2277"]
[PlyCount "41"]
[EventDate "2010.01.14"]
[EventType "tourn"]
[EventRounds "8"]
[EventCountry "RUS"]
[SourceTitle "EXT 2022"]
[Source "ChessBase"]
[SourceDate "2021.10.06"]
[SourceVersion "1"]
[SourceVersionDate "2021.10.06"]
[SourceQuality "1"]

1. e4 d6 2. d4 g6 3. Nc3 c6 4. Be3 b5 5. Bd3 Bg7 6. f4 Nf6 7. h3 b4 8. Nce2 0-0 9. Nf3 Qc7 10. 0-0 c5 11. c3 bxc3 12. bxc3 Bb7 13. Ng3 Nbd7 14. Qd2 Rab8 15. f5 Ba8 16. Rae1 Qa5 17. fxg6 hxg6 18. Bh6 cxd4 19. Bxg7 Kxg7 20. Nf5+ gxf5 21. Qg5+ 1/2-1/2

[Event "Lipetsk"]
[Site "Lipetsk"]
[Date "2010.01.21"]
[Round "8"]
[White "Morev, Ivan"]
[Black "Filin, Alexander"]
[Result "1-0"]
[WhiteElo "2277"]
[BlackElo "2186"]
[PlyCount "149"]
[EventDate "2010.01.14"]
[EventType "tourn"]
[EventRounds "8"]
[EventCountry "RUS"]
[SourceTitle "EXT 2022"]
[Source "ChessBase"]
[SourceDate "2021.10.06"]
[SourceVersion "1"]
[SourceVersionDate "2021.10.06"]
[SourceQuality "1"]

1. e4 e5 2. Nf3 Nf6 3. Nxe5 d6 4. Nf3 Nxe4 5. Nc3 Nxc3 6. dxc3 Be7 7. Be3 Nc6 8. Qd2 Be6 9. Nd4 Ne5 10. Nxe6 fxe6 11. Be2 Qd7 12. 0-0 0-0 13. Rae1 Rae8 14. Bd4 Nc6 15. Bg4 Bf6 16. Qe3 Nd8 17. Qh3 Qf7 18. f4 g6 19. a4 a6 20. b4 Qg7 21. Qd3 Re7 22. Re4 Rfe8 23. Bxf6 Qxf6 24. b5 axb5 25. axb5 Nf7 26. b6 d5 27. Rb4 c5 28. Rb5 Rc8 29. Qe3 c4 30. Re1 Rce8 31. Rc5 e5 32. Rc8 Rxc8 33. Bxc8 e4 34. Qc5 Qd6 35. Qd4 Qxf4 36. Qxd5 e3 37. Rf1 Qd6 38. Qxc4 Qxb6 39. Qd4 Qb5 40. Bg4 Qe5 41. Bf3 Nd6 42. Rd1 Nb5 43. Qc4+ Kg7 44. Rd5 Qxc3 45. Qxb5 e2 46. Bxe2 Qe3+ 47. Kf1 Qc1+ 48. Rd1 Qf4+ 49. Bf3 Qxh2 50. Qg5 Rf7 51. Rd5 Qh1+ 52. Kf2 h6 53. Qe5+ Kh7 54. Qd4 Qc1 55. Qd2 Qb2 56. Rd7 Qb6+ 57. Qd4 Qe6 58. Rxf7+ Qxf7 59. Qd5 Qf4 60. Qxb7+ Kg8 61. Qd5+ Kg7 62. c3 Qc1 63. Qd4+ Kf7 64. Bd5+ Ke7 65. Qe5+ Kd7 66. Qe6+ Kd8 67. Qd6+ Kc8 68. Be6+ Kb7 69. Qd5+ Kc7 70. Qe5+ Kc6 71. Bc4 h5 72. Be2 Qc2 73. c4 Kd7 74. Qd4+ Ke6 75. Qd3 1-0

[Event "Lipetsk King's Gambit-B"]
[Site "Lipetsk"]
[Date "2009.06.29"]
[Round "7"]
[White "Bezgodova, Maria"]
[Black "Morev, Ivan"]
[Result "1-0"]
[WhiteElo "2100"]
[BlackElo "2266"]
[PlyCount "55"]
[EventDate "2009.06.23"]
[EventType "tourn"]
[EventRounds "11"]
[EventCountry "RUS"]
[EventCategory "1"]
[SourceTitle "CBM 131 Extra"]
[Source "ChessBase"]
[SourceDate "2009.09.03"]
[SourceVersion "2"]
[SourceVersionDate "2009.09.16"]
[SourceQuality "1"]

1. e4 c5 2. Nf3 d6 3. d4 cxd4 4. Nxd4 Nf6 5. Nc3 a6 6. Be2 e6 7. 0-0 Be7 8. f4 Nc6 9. Be3 Bd7 10. Qe1 Nxd4 11. Bxd4 Bc6 12. Bd3 0-0 13. Qg3 Ne8 14. Qh3 g6 15. f5 e5 16. Be3 Bg5 17. Bxg5 Qxg5 18. Rf3 Nf6 19. Raf1 Rae8 20. fxg6 fxg6 21. Rg3 Qd2 22. Rd1 Qf4 23. Ne2 Bd7 24. Nxf4 exf4 25. Rxg6+ hxg6 26. Qh6 Kf7 27. e5 Rxe5 28. Bxg6+ 1-0

[Event "Lipetsk King's Gambit-B"]
[Site "Lipetsk"]
[Date "2009.06.25"]
[Round "3"]
[White "Morev, Ivan"]
[Black "Lomako, Pavel"]
[Result "0-1"]
[WhiteElo "2266"]
[BlackElo "2417"]
[PlyCount "52"]
[EventDate "2009.06.23"]
[EventType "tourn"]
[EventRounds "11"]
[EventCountry "RUS"]
[EventCategory "1"]
[SourceTitle "CBM 131 Extra"]
[Source "ChessBase"]
[SourceDate "2009.09.03"]
[SourceVersion "2"]
[SourceVersionDate "2009.09.16"]
[SourceQuality "1"]

1. e4 c6 2. d4 d5 3. e5 c5 4. dxc5 Nc6 5. Bb5 e6 6. b4 a5 7. c3 Bd7 8. Bxc6 Bxc6 9. Nf3 axb4 10. cxb4 b6 11. Nd4 Ba4 12. Qg4 bxc5 13. bxc5 Qc7 14. Nf3 Bb5 15. Be3 Ra4 16. Qg3 Bxc5 17. Qxg7 Bxe3 18. fxe3 Qc1+ 19. Kf2 Qxh1 20. Kg3 Bf1 21. Ne1 h5 22. h3 Be2 23. Nd2 Qg1 24. Nef3 h4+ 25. Nxh4 Qxe3+ 26. Nhf3 Qh6 0-1

[Event "Lipetsk King's Gambit-B"]
[Site "Lipetsk"]
[Date "2009.06.23"]
[Round "10"]
[White "Morev, Ivan"]
[Black "Nikitin, Yuri"]
[Result "1/2-1/2"]
[WhiteElo "2266"]
[BlackElo "2292"]
[PlyCount "20"]
[EventDate "2009.06.23"]
[EventType "tourn"]
[EventRounds "11"]
[EventCountry "RUS"]
[EventCategory "1"]
[SourceTitle "CBM 131 Extra"]
[Source "ChessBase"]
[SourceDate "2009.09.03"]
[SourceVersion "2"]
[SourceVersionDate "2009.09.16"]
[SourceQuality "1"]

1. e4 c5 2. Nf3 d6 3. d4 cxd4 4. Nxd4 Nf6 5. Nc3 a6 6. Be2 e6 7. a4 Be7 8. 0-0 0-0 9. Be3 Bd7 10. a5 Nc6 1/2-1/2

[Event "Lipetsk Rating 16th"]
[Site "Lipetsk"]
[Date "2008.10.25"]
[Round "8"]
[White "Morev, Ivan"]
[Black "Semenkov, Artem"]
[Result "1-0"]
[WhiteElo "2219"]
[BlackElo "2148"]
[PlyCount "67"]
[EventDate "2008.10.18"]
[EventType "tourn"]
[EventRounds "9"]
[EventCountry "RUS"]
[SourceTitle "EXT 2022"]
[Source "ChessBase"]
[SourceDate "2021.10.06"]
[SourceVersion "1"]
[SourceVersionDate "2021.10.06"]
[SourceQuality "1"]

1. e4 e5 2. Nf3 Nc6 3. Bb5 Nf6 4. 0-0 Nxe4 5. d4 Nd6 6. Bxc6 dxc6 7. dxe5 Nf5 8. Qxd8+ Kxd8 9. Nc3 Ke8 10. b3 Be7 11. Ne4 Be6 12. c4 Rd8 13. Bb2 h6 14. h3 Kd7 15. g4 Nh4 16. Nxh4 Bxh4 17. f4 Kc8 18. f5 Bd7 19. e6 fxe6 20. Bxg7 Rh7 21. f6 Rg8 22. f7 Rhxg7 23. f8Q+ Rxf8 24. Rxf8+ Bd8 25. Rd1 b6 26. Nf6 e5 27. Rh8 b5 28. Rxd7 Rxd7 29. Nxd7 Kxd7 30. Rxh6 Bg5 31. Rg6 Be3+ 32. Kf1 a5 33. h4 a4 34. h5 1-0

[Event "Lipetsk Rating 16th"]
[Site "Lipetsk"]
[Date "2008.10.20"]
[Round "3"]
[White "Skomorohov, Grigorij"]
[Black "Morev, Ivan"]
[Result "0-1"]
[WhiteElo "2200"]
[BlackElo "2219"]
[PlyCount "98"]
[EventDate "2008.10.18"]
[EventType "tourn"]
[EventRounds "9"]
[EventCountry "RUS"]
[SourceTitle "EXT 2022"]
[Source "ChessBase"]
[SourceDate "2021.10.06"]
[SourceVersion "1"]
[SourceVersionDate "2021.10.06"]
[SourceQuality "1"]

1. c4 Nf6 2. Nc3 c5 3. e4 Nc6 4. g3 g6 5. Bg2 Bg7 6. Nge2 0-0 7. 0-0 Ne8 8. d3 Nc7 9. Rb1 Ne6 10. a3 d6 11. b4 Ned4 12. h3 cxb4 13. axb4 a5 14. bxa5 Rxa5 15. Be3 Bd7 16. Nd5 Nxe2+ 17. Qxe2 Nd4 18. Bxd4 Bxd4 19. Rxb7 e6 20. Ne3 Bc6 21. Rb3 Qa8 22. Nc2 Ra2 23. Qd1 Rxc2 24. Qxc2 Ba4 25. Rfb1 Qa7 26. Qa2 Bxb3 27. Qxa7 Bxa7 28. Rxb3 e5 29. Rb2 Bd4 30. Ra2 Rb8 31. Bf3 Kf8 32. h4 Rb3 33. Be2 Ke7 34. Kg2 h5 35. Kf1 Kd7 36. Kg2 Kc6 37. Ra8 Rb2 38. Kf1 Rb7 39. Ra6+ Bb6 40. f4 Kc5 41. Kf2 Kd4 42. Kf3 Bc5 43. fxe5 Kxe5 44. Ra8 Rb1 45. Rf8 Rh1 46. Kg2 Rg1+ 47. Kf3 Kf6 48. Rc8 Bd4 49. Rd8 Be5 0-1

[Event "Lipetsk King's Gambit-B"]
[Site "Lipetsk"]
[Date "2008.07.17"]
[Round "9"]
[White "Morev, Ivan"]
[Black "Pesotsky, Vitaly"]
[Result "0-1"]
[WhiteElo "2219"]
[BlackElo "2338"]
[PlyCount "74"]
[EventDate "2008.07.09"]
[EventType "tourn"]
[EventRounds "11"]
[EventCountry "RUS"]
[EventCategory "2"]
[SourceTitle "CBM 125 Extra"]
[Source "ChessBase"]
[SourceDate "2008.09.01"]
[SourceVersion "1"]
[SourceVersionDate "2008.09.01"]
[SourceQuality "1"]

1. e4 Nf6 2. e5 Nd5 3. c4 Nb6 4. d4 d6 5. exd6 cxd6 6. Nc3 g6 7. Be3 Bg7 8. Rc1 0-0 9. b3 a5 10. Be2 a4 11. Nf3 axb3 12. axb3 e6 13. 0-0 Nc6 14. Qd2 d5 15. c5 Nd7 16. Bh6 b6 17. Bxg7 Kxg7 18. Bb5 Na5 19. Qb2 Ba6 20. Bxa6 Rxa6 21. Nb5 bxc5 22. dxc5+ Qf6 23. Qa2 Rb8 24. Qa4 Raa8 25. Nc7 Nxb3 26. Nxa8 Nxc1 27. c6 Ne5 28. c7 Nxf3+ 29. Kh1 Rxa8 30. Qxa8 Qf4 31. Qa1+ d4 32. g3 Qxc7 33. Rxc1 Qb7 34. Kg2 Nh4+ 35. Kh3 Qg2+ 36. Kg4 f5+ 37. Kf4 Qe4+ 0-1

[Event "Lipetsk King's Gambit-B"]
[Site "Lipetsk"]
[Date "2008.07.15"]
[Round "7"]
[White "Morev, Ivan"]
[Black "Barbashin, Igor"]
[Result "1/2-1/2"]
[WhiteElo "2219"]
[BlackElo "2265"]
[PlyCount "83"]
[EventDate "2008.07.09"]
[EventType "tourn"]
[EventRounds "11"]
[EventCountry "RUS"]
[EventCategory "2"]
[SourceTitle "CBM 125 Extra"]
[Source "ChessBase"]
[SourceDate "2008.09.01"]
[SourceVersion "1"]
[SourceVersionDate "2008.09.01"]
[SourceQuality "1"]

1. e4 e5 2. Nf3 Nc6 3. Bb5 Nf6 4. 0-0 Nxe4 5. d4 Nd6 6. Bxc6 dxc6 7. Nxe5 Be7 8. Bf4 0-0 9. Nd2 Nf5 10. Nb3 Be6 11. c3 f6 12. Nd3 b6 13. Re1 Bc4 14. Qf3 Qd5 15. Qh3 g5 16. g4 Nh4 17. Rxe7 Bxd3 18. Nd2 Rae8 19. Rae1 Rxe7 20. Rxe7 c5 21. b3 Qd8 22. Rxc7 Bg6 23. Rxa7 cxd4 24. cxd4 Qxd4 25. Be3 Qd5 26. Ra4 Re8 27. Rd4 Qa5 28. a4 Bf7 29. Nf3 Bxb3 30. Nxh4 Qe1+ 31. Kg2 gxh4 32. Bd2 Qe6 33. Qxh4 Bd5+ 34. Kh3 Bc6 35. Be3 Ra8 36. Qh6 Bd7 37. Qf4 h5 38. f3 Rxa4 39. Rxa4 Bxa4 40. Qb8+ Kf7 41. Bxb6 Bd7 42. Kg3 1/2-1/2

[Event "Lipetsk King's Gambit-B"]
[Site "Lipetsk"]
[Date "2008.07.14"]
[Round "6"]
[White "Nikitin, Yuri"]
[Black "Morev, Ivan"]
[Result "1-0"]
[WhiteElo "2264"]
[BlackElo "2219"]
[PlyCount "91"]
[EventDate "2008.07.09"]
[EventType "tourn"]
[EventRounds "11"]
[EventCountry "RUS"]
[EventCategory "2"]
[SourceTitle "CBM 125 Extra"]
[Source "ChessBase"]
[SourceDate "2008.09.01"]
[SourceVersion "1"]
[SourceVersionDate "2008.09.01"]
[SourceQuality "1"]

1. e4 c5 2. Nf3 d6 3. Bb5+ Bd7 4. Bxd7+ Qxd7 5. 0-0 Nf6 6. Re1 e6 7. c3 Be7 8. d4 cxd4 9. cxd4 d5 10. Ne5 Qd8 11. Qa4+ Nbd7 12. exd5 Nxd5 13. Nc3 N5b6 14. Qb5 a6 15. Qb3 Nf6 16. a4 0-0 17. a5 Nbd5 18. Qxb7 Bb4 19. Bd2 Qd6 20. Nxd5 Nxd5 21. Nxf7 Qb8 22. Qxb8 Rfxb8 23. Bxb4 Nxb4 24. Nh6+ gxh6 25. Rxe6 Nc2 26. Ra4 Rxb2 27. h3 Rb5 28. Rc6 Nb4 29. Rxh6 Rd8 30. Kh2 Kg7 31. Rb6 Rb8 32. Rd6 Rf5 33. f3 Rf6 34. Rd7+ Kg6 35. Kg3 Rb5 36. Ra3 h6 37. h4 Kf5 38. Kf2 Ke6 39. Rd8 Ke7 40. Ra8 Kd7 41. g4 Rd6 42. Rh8 Rbd5 43. Rc3 Rf6 44. Rh7+ Kd6 45. Rb7 Nc6 46. Rxc6+ 1-0

[Event "Lipetsk King's Gambit-B"]
[Site "Lipetsk"]
[Date "2008.07.10"]
[Round "2"]
[White "Morev, Ivan"]
[Black "Chulivska, Vita"]
[Result "0-1"]
[WhiteElo "2219"]
[BlackElo "2238"]
[PlyCount "58"]
[EventDate "2008.07.09"]
[EventType "tourn"]
[EventRounds "11"]
[EventCountry "RUS"]
[EventCategory "2"]
[SourceTitle "CBM 125 Extra"]
[Source "ChessBase"]
[SourceDate "2008.09.01"]
[SourceVersion "1"]
[SourceVersionDate "2008.09.01"]
[SourceQuality "1"]

1. e4 c5 2. Nf3 d6 3. d4 cxd4 4. Nxd4 Nf6 5. Nc3 a6 6. f3 e6 7. Be3 b5 8. Qd2 Nbd7 9. 0-0-0 Bb7 10. g4 Nb6 11. Qf2 Nfd7 12. Bd3 Rc8 13. Nce2 Na4 14. Kb1 Nac5 15. Ng3 Nxd3 16. cxd3 Be7 17. f4 0-0 18. g5 Nc5 19. h4 f6 20. b4 e5 21. bxc5 exd4 22. Bxd4 dxc5 23. Bb2 Qc7 24. Nf5 c4 25. Nxe7+ Qxe7 26. gxf6 gxf6 27. Rhg1+ Kh8 28. Bd4 cxd3 29. e5 Rc2 0-1

[Event "Lipetsk-ch"]
[Site "Lipetsk"]
[Date "2008.03.24"]
[Round "5"]
[White "Airapetian, Gor"]
[Black "Morev, Ivan"]
[Result "1-0"]
[WhiteElo "2318"]
[BlackElo "2211"]
[PlyCount "49"]
[EventDate "2008.03.20"]
[EventType "swiss"]
[EventRounds "9"]
[EventCountry "RUS"]
[SourceTitle "EXT 2022"]
[Source "ChessBase"]
[SourceDate "2021.10.06"]
[SourceVersion "1"]
[SourceVersionDate "2021.10.06"]
[SourceQuality "1"]

1. e4 c5 2. Nf3 d6 3. d4 cxd4 4. Nxd4 Nf6 5. Nc3 a6 6. f3 e6 7. Be3 Be7 8. Qd2 0-0 9. g4 b5 10. 0-0-0 Bb7 11. g5 Nh5 12. Bh3 b4 13. Nce2 Nc6 14. Nxc6 Bxc6 15. Bg4 g6 16. Bxh5 gxh5 17. Ng3 d5 18. Nxh5 dxe4 19. Qf2 Qa5 20. Nf6+ Kh8 21. fxe4 Qxa2 22. Bd4 Rad8 23. b3 Bc5 24. Qh4 Bxe4 25. Qxe4 1-0

[Event "Lipetsk Region-ch Super"]
[Site "Lipetsk"]
[Date "2007.12.22"]
[Round "11"]
[White "Ruchkin, Ivan"]
[Black "Morev, Ivan"]
[Result "1/2-1/2"]
[WhiteElo "2154"]
[BlackElo "2195"]
[PlyCount "91"]
[EventDate "2007.12.12"]
[EventType "tourn"]
[EventRounds "11"]
[EventCountry "RUS"]
[SourceTitle "CBM 122 Extra"]
[Source "ChessBase"]
[SourceDate "2008.03.04"]
[SourceVersion "1"]
[SourceVersionDate "2008.03.04"]
[SourceQuality "1"]

1. d4 g6 2. c4 d6 3. Nc3 Bg7 4. e4 Nf6 5. Nf3 0-0 6. Be2 e5 7. dxe5 dxe5 8. Qxd8 Rxd8 9. Nd5 Nxd5 10. cxd5 c6 11. Bc4 b5 12. Bb3 Bb7 13. Bg5 Rd7 14. Rd1 cxd5 15. Bxd5 Bxd5 16. Rxd5 Rxd5 17. exd5 Nd7 18. Ke2 Rc8 19. Rc1 Rxc1 20. Bxc1 f6 21. Be3 a6 22. Nd2 f5 23. Nb3 Bf8 24. f4 Bd6 25. g3 Kf7 26. fxe5 Bxe5 27. Bd4 Bxd4 28. Nxd4 Ke7 29. Nc6+ Kd6 30. Nb4 Nb8 31. Ke3 a5 32. Nd3 Kxd5 33. Kf4 Nc6 34. Kg5 Ke4 35. Nc5+ Kf3 36. Kh6 Kg4 37. Ne6 Ne5 38. Ng5 Nf3 39. Nxf3 Kxf3 40. Kxh7 g5 41. Kg6 Kg4 42. h3+ Kxg3 43. Kxf5 Kh4 44. b3 a4 45. bxa4 bxa4 46. a3 1/2-1/2

[Event "Lipetsk Region-ch Super"]
[Site "Lipetsk"]
[Date "2007.12.21"]
[Round "10"]
[White "Morev, Ivan"]
[Black "Barbashin, Igor"]
[Result "1-0"]
[WhiteElo "2195"]
[BlackElo "2272"]
[PlyCount "79"]
[EventDate "2007.12.12"]
[EventType "tourn"]
[EventRounds "11"]
[EventCountry "RUS"]
[SourceTitle "CBM 122 Extra"]
[Source "ChessBase"]
[SourceDate "2008.03.04"]
[SourceVersion "1"]
[SourceVersionDate "2008.03.04"]
[SourceQuality "1"]

1. e4 c6 2. d4 d5 3. e5 Bf5 4. Bd3 Bxd3 5. Qxd3 e6 6. Ne2 Nd7 7. 0-0 Ne7 8. c3 c5 9. Na3 Nc6 10. Nc2 Rc8 11. f4 g6 12. Be3 cxd4 13. Bxd4 Nc5 14. Qe3 Ne4 15. b4 Be7 16. g4 Qd7 17. Rac1 h5 18. g5 a5 19. a3 Nxd4 20. Ncxd4 Rc4 21. Ng3 Nxg3 22. hxg3 Qa4 23. Qf3 Qxa3 24. f5 gxf5 25. g6 Rh6 26. gxf7+ Kf8 27. Nxe6+ Rxe6 28. Qxh5 Rxc3 29. Qh8+ Kxf7 30. Rxf5+ Rf6 31. Rxf6+ Bxf6 32. Qxf6+ Kg8 33. Qe6+ Kg7 34. Rf1 Rxg3+ 35. Kh2 Rg6 36. Qf7+ Kh6 37. Qf8+ Kh5 38. Rf5+ Kh4 39. Rf4+ Kh5 40. Qf5+ 1-0

[Event "Lipetsk Region-ch Super"]
[Site "Lipetsk"]
[Date "2007.12.16"]
[Round "5"]
[White "Morev, Ivan"]
[Black "Gladyszev, Oleg"]
[Result "0-1"]
[WhiteElo "2195"]
[BlackElo "2472"]
[PlyCount "100"]
[EventDate "2007.12.12"]
[EventType "tourn"]
[EventRounds "11"]
[EventCountry "RUS"]
[SourceTitle "CBM 122 Extra"]
[Source "ChessBase"]
[SourceDate "2008.03.04"]
[SourceVersion "1"]
[SourceVersionDate "2008.03.04"]
[SourceQuality "1"]

1. e4 c5 2. Nf3 Nc6 3. d4 cxd4 4. Nxd4 Nf6 5. Nc3 e5 6. Ndb5 d6 7. Bg5 a6 8. Na3 b5 9. Nd5 Be7 10. Bxf6 Bxf6 11. c4 b4 12. Nc2 a5 13. Be2 0-0 14. 0-0 Bg5 15. Bg4 Be6 16. b3 Ra7 17. h3 Qd7 18. Nde3 g6 19. Bxe6 fxe6 20. Qd3 Qc7 21. a3 bxa3 22. Nxa3 Nb4 23. Qe2 Qc5 24. Nb5 Raf7 25. Rae1 Bxe3 26. Qxe3 Nc2 27. Qxc5 dxc5 28. Re2 Nd4 29. Ra2 Nxb3 30. Rb1 Nd4 31. Nxd4 exd4 32. Rb5 a4 33. Rxc5 Ra8 34. Rb5 Rd7 35. Kf1 d3 36. Ke1 Rd4 37. Kd2 Rad8 38. Ra3 Rxc4 39. Rxd3 Ra8 40. f3 a3 41. Rb1 a2 42. Ra1 Kg7 43. Rd7+ Kf6 44. Rxh7 Rb4 45. Kc2 Rc8+ 46. Kd3 Rb3+ 47. Kd2 Rb2+ 48. Kd3 Ra8 49. Rc7 Rb1 50. Rc1 Rxc1 0-1

[Event "Lipetsk Region-ch Super"]
[Site "Lipetsk"]
[Date "2007.12.13"]
[Round "2"]
[White "Morev, Ivan"]
[Black "Slugin, Sergey"]
[Result "0-1"]
[WhiteElo "2195"]
[BlackElo "2403"]
[PlyCount "64"]
[EventDate "2007.12.12"]
[EventType "tourn"]
[EventRounds "11"]
[EventCountry "RUS"]
[SourceTitle "CBM 122 Extra"]
[Source "ChessBase"]
[SourceDate "2008.03.04"]
[SourceVersion "1"]
[SourceVersionDate "2008.03.04"]
[SourceQuality "1"]

1. e4 c6 2. d4 d5 3. e5 Bf5 4. Bd3 Bxd3 5. Qxd3 e6 6. Ne2 c5 7. c3 Nc6 8. 0-0 Qb6 9. Na3 Qa6 10. Qxa6 bxa6 11. Nc2 cxd4 12. cxd4 Rc8 13. Ne3 Bb4 14. a3 Ba5 15. b4 Bb6 16. Bb2 f6 17. exf6 Nxf6 18. Rad1 0-0 19. Nc1 Ne4 20. Nb3 a5 21. b5 a4 22. bxc6 axb3 23. Rc1 Ba5 24. Ng4 Nd2 25. Ne5 Nxf1 26. Kxf1 Bc7 27. Nd7 Rfd8 28. h4 Bd6 29. g3 Rc7 30. Rc3 Rdc8 31. Rxb3 Rxc6 32. Nc5 Rb6 0-1

[Event "Lipetsk Region-ch sf"]
[Site "Lipetsk"]
[Date "2007.10.10"]
[Round "6"]
[White "Morev, Ivan"]
[Black "Nikiforov, Vadim"]
[Result "1-0"]
[WhiteElo "2181"]
[BlackElo "1975"]
[PlyCount "35"]
[EventDate "2007.09.25"]
[EventType "swiss"]
[EventRounds "9"]
[EventCountry "RUS"]
[SourceTitle "EXT 2022"]
[Source "ChessBase"]
[SourceDate "2021.10.06"]
[SourceVersion "1"]
[SourceVersionDate "2021.10.06"]
[SourceQuality "1"]

1. e4 c5 2. Nf3 Nc6 3. Nc3 d6 4. d4 cxd4 5. Nxd4 Nf6 6. f3 g6 7. Be3 Bg7 8. Qd2 0-0 9. Bc4 Bd7 10. 0-0-0 Ne5 11. Bb3 Rc8 12. Kb1 Nc4 13. Bxc4 Rxc4 14. g4 a6 15. g5 Ne8 16. h4 e5 17. Nde2 f5 18. Qd5+ 1-0